Estatutos para el régimen y gobierno del Ateneo Español. (Record no. 32345)

MARC details
000 -LEADER
campo de control de longitud fija 00962nam a2200253 i 4500
001 - NÚMERO DE CONTROL
campo de control 32345
003 - IDENTIFICADOR DE NÚMERO DE CONTROL
campo de control ES-MaACL
005 - FECHA Y HORA DE LA ÚLTIMA TRANSACCIÓN
campo de control 20250702151944.0
007 - CAMPO FIJO DE DESCRIPCIÓN FÍSICA--INFORMACIÓN GENERAL
campo de control de longitud fija t|
008 - DATOS DE LONGITUD FIJA--INFORMACIÓN GENERAL
campo de control de longitud fija 160928s1820 sp |||| | spa d
110 2# - ENTRADA PRINCIPAL--NOMBRE DE ENTIDAD CORPORATIVA
Nombre de entidad corporativa o nombre de jurisdicción como elemento de entrada Ateneo Español
Término indicativo de función/relación entidad responsable
9 (RLIN) 145825
245 10 - MENCIÓN DEL TÍTULO
Título Estatutos para el régimen y gobierno del Ateneo Español.
260 ## - PUBLICACIÓN, DISTRIBUCIÓN, ETC.
Lugar de publicación, distribución, etc. Madrid :
Nombre del editor, distribuidor, etc. [s.n.],
Fecha de publicación, distribución, etc. 1820
Fabricante (Imp. de Ibarra)
300 ## - DESCRIPCIÓN FÍSICA
Extensión 14 p. ;
Dimensiones 20 cm.
500 ## - NOTA GENERAL
Nota general Ejemplar fotocopiado
530 ## - NOTA DISPONIBLE DE FORMULARIO FÍSICO ADICIONAL
Nota de formato físico adicional disponible Disponible en formato digital
594 ## - Nota al título y mención de responsabilidad
Nota al título y mención de responsabilidad En p. 14: Madrid 1º de junio de 1820. Martín de Foronda, socio secretario
610 24 - PUNTO DE ACCESO ADICIONAL DE MATERIA--NOMBRE DE ENTIDAD CORPORATIVA
Nombre de entidad corporativa o nombre de jurisdicción como elemento de entrada Ateneo Español-
Subdivisión de forma Estatutos
9 (RLIN) 160990
852 4# - LOCALIZACIÓN
Ubicación ES-MaACL
Ubicación en estantería Depósito folletos
Número de control de estantería 2334-F-6
Nota libre Ejemplar fotocopiado
-- Revisado enlace: 2 de junio de 2025
856 4# - LOCALIZACIÓN Y ACCESO ELECTRÓNICOS
Identificador Uniforme de Recursos <a href="https://hdl.handle.net/11441/110789">https://hdl.handle.net/11441/110789</a>
Texto de enlace Versión en línea
Nota pública (Biblioteca de la Universidad de Sevilla)
942 ## - ELEMENTOS DE ENTRADA SECUNDARIOS (KOHA)
Fuente del sistema de clasificación o colocación Clasificación decimal universal
Tipo de ítem Koha Folleto
Suprimir en OPAC No
Holdings
Estatus retirado Estado de pérdida Estado de daño No para préstamo Colección Biblioteca de origen Biblioteca actual Ubicación en estantería Fecha de adquisición Fuente de adquisición Total de préstamos Signatura topográfica completa Código de barras Visto por última vez Precio de reemplazo Tipo de ítem Koha
        Colección de folletos Biblioteca del Ateneo de Madrid Biblioteca del Ateneo de Madrid Depósito folletos 28/09/2016     2334-F-6 1196375 23/02/2023 23/02/2023 Folleto